000 00803nam a2200289Ia 4500
001 C0520
003 IT-RoPAU
008 130308s9999 xx 000 0 und d
040 _aIT-RoPAU
040 _cIT-RoPAU
041 _aITALIANO
100 _aWeyergans Francois
100 _gCodice Aut. SPICS: 32904
245 _aLola nel paese degli uomini
245 _bNouvelle Vague
250 _a2a ed.
260 _aTORINO
260 _bLindau
260 _c1993 [1° Ed.:1993 - Ed.Ling.Originale:1961]
300 _a"4 p. (prefazione: no ; testo: 4 [pagine: 298-301])"
500 _aRiflessioni Sul Film Lola di Jacques Demy. Film Decisamente Moderno.
650 _aMANIFESTAZIONI CINEMATOGRAFICHE
650 _eCodice materia Spics: 6815
942 _cBK
957 _71
999 _c84269
_d84269
999 _g1